1168 1475 1130 1152 1539 1620 1676 1883 1705 1058 1161 1714 1645 1380 1313 1191 1767 1652 1037 1771 1481 1615 1891 1669 1561 1108 1105 1874 1558 1426 1608 1352 1283 1273 1809 1899 1435 1447 1010 1921 1844 1293 1853 1699 1420 1281 1743 1404 1637 1347 1721 1735 1759 1481 1298 1340 1432 1090 1801 1695 1915 1248 1609 1683 1329 1692 1276 1206 1609 1805 1089 1047 1779 1806 1927 1800 1477 1498 1701 1332 1211 1080 1450 1522 1975 1967 1472 1586 1151 1830 1893 1919 1677 1455 1598 1407 1811 1296 1774 BCNSPRNW ULIB Ver.6.0+V

เปลี่ยนเป็นภาษาไทย

Change to English
 แสดงรายละเอียดบรรณานุกรม
  กลับหน้าหลัก

Brief Record : Get Marc (ISO 2709) : E-mail record : QR code < ปิดหน้าต่าง
LEADER : 00000nam 2200000uu 4500
001    13399126818
003     ULIB
008    020711s2016 th a 000 0 eng d
020    ^a9781107466715
050    ^aPE1131^bA243C
100    ^aAdrian Doff; Craig Thaine; Herbert Puchta; Jeff Stranks; Peter Lewis-Jones
245    ^aCambridge English empower. B1/^cAdrian Doff; Craig Thaine; Herbert Puchta; Jeff Stranks; Peter Lewis-Jones
250    ^a1st ed
260    ^aCambridge :^bCambridge University Press,^c2016
300    ^a288 pages;^c30 cm
650    ^aEnglish language^xTextbooks for foreign speakers.
650    ^aEnglish language
945    ^p1349^l0^i005475
945    ^p1349^l0^i005476
999    ^aประนอม เกษจรัล
รายการนี้ยังไม่มีแท็ก
คุณยังไม่ได้ล็อกอิน คุณสามารถมีกิจกรรมร่วมกับเว็บไซต์ได้ แต่ต้องล็อกอินก่อน ::
  ล็อกอิน

รายการสื่อสารสนเทศ

ลำดับที่ ประเภท เลขเรียก/บาร์โค้ด สถานที่ สถานะ
1. การศึกษาทั่วไป
หนังสือสำรอง
สถานะ=หนังสือสำรอง
PE1131 A243C ฉ.1 
  Barcode: 005475
ห้องสมุดวิทยาเขตสวรรค์ประชารักษ์
►หนังสือทั่วไป
บนชั้น
2. การศึกษาทั่วไป
การศึกษาทั่วไป
PE1131 A243C ฉ.2 
  Barcode: 005476
ห้องสมุดวิทยาเขตสวรรค์ประชารักษ์
►หนังสือทั่วไป
ถูกยืม กำหนดส่งวันที่ 31 กรกฎาคม 2569
  จอง

รายการใกล้เคียง
    หัวเรื่อง [English language]

BibComment


ยังไม่เคยถูกคอมเมนท์

คอมเมนท์ทรัพยากรรายการนี้
  คอมเมนท์: Cambridge Englis..


 Copyright 2026. Bcnsprnw @Library